MDQL
is popping MORE tags! Check the
thread
!
Quizzes
Events
Quiz Creation
Community
Videos
Private Events
Remove Ads
Sign In
Join for FREE
Feedback
Dark Mode
Quiz Categories
Sports
Geography
Music
Movies
Television
Just For Fun
Miscellaneous
History
Literature
Language
Science
Gaming
Entertainment
Religion
Holiday
For Kids
Quiz Lab
Recent
Popular Today
Quiz Kudos Today
Editor Picks
Curator Picks
Quizzes by...
Day
Popularity
Type
Ratings
Length
Year
Community
Subscriptions
Recent Discussions
Orange Saloon
Badges
Playlists
Quests
Create
Leaderboards
Showdown
Live 5
Trivia Bingo
Activity
Puzzle Library
Sporcle Events
Private Events
Virtual Trivia
Globe League
Become a Host
Pub Owners
SporcleCon
Opinionation
Our Games
Videos
Blog
Mobile Apps
Partnerships
Remove Ads and Go Orange
Feedback
Entertainment
Celebrity
Famous
Musical
Broadway
Show
Quote
Comic Books
Anime
Superhero
DC Comics
Marvel
Cartoons
Animation
Entertainment
Celebrity
Famous
Musical
Broadway
Show
Quote
Comic Books
Anime
Superhero
DC Comics
Marvel
Cartoons
Animation
Random Quiz
Search Sporcle
×
Quiz Lab
Quiz Lab
Entertainment
Show
Type in answers that appear in a list
Type in answers that appear in a list
Classic
Best Score? Go Orange.
Catch Phrases Stats
Can you name the Catch Phrases?
By
treemeister2
4m
20 Questions
602 Plays
602 Plays
602 Plays
Comments
Comments
Give Quiz Kudos
Give Quiz Kudos
-
- Ratings
hide this ad
More Info
Replay
Link that replays current quiz
Next Quiz
Link to next quiz in quiz playlist
You Got
0%
They Got
Avg Score
41%
Avg Friend Score
Upgrade to see
Score Distribution
Jump to the score distribution portion of the page
Score
0/20
Timer
04:00
0
Plays Today
The Phrase
Who said it?
% Correct
What's up doc?
Bugs Bunny
91.4%
D'oh!
Homer Simpson
78.2%
May the force be with you
Obi-Wan Kenobi
72.3%
'Holy _
_
_
_
_
_
_
_
_
_
_
_
, Batman!
Robin
70.3%
Giggty-
giggty
Glen Quagmire
56.1%
Oh, my God! They killed Kenny!
Stan and Kyle
55%
Good grief.
Charlie Brown
55%
No soup for you!
Soup Nazi
54%
Zoinks!
Shaggy Rogers
51.7%
hey hey HEY!
Fat Albert
46.2%
The Phrase
Who said it?
% Correct
That's what she said
Michael Scott
37%
How rude.
Stephanie Tanner
35.2%
You rang?
Lurch
29.9%
Bazinga!
Sheldon Cooper
22.6%
Good news everyone!
Professor Farnsworth
18.1%
I've made a huge mistake!
GOB
15.6%
Hey-
oo!
The Gang
12.6%
Whatchoo talkin' 'bout, Willis?
Arnold Jackson
10%
Holy crap!
Frank Barone
8.1%
It's a gift, and a curse
Adrian Monk
6.6%
Quiz Playlist
Details
Report
Send in Message
Add To Playlist
More Info:
I dont want to argue semantics over what a catch phrase is or isnt but these lines are said multiple times by the characters
Classic:
Type in answers that appear in a list
Last Updated: Feb 16, 2017
Quiz Scoreboard
CHALLENGE
Sign Up to Join the Scoreboard
Show All
Scores
Hide
Comments
May contain spoilers
Recently Published
Find the 'City' Movie
by crazypaving
Movies
60s
5x2 Blitz: Bands
by SL_Kpop136
Music
30s
Colored Red Africa Blitz
by spor1
Geography
30s
More to Explore
Quiz From the Vault
Featured Blog Post
14 Easter Pick-up Lines to Find Eggs With
hide this ad
You Might Also Like...
Tags
Show Quiz
catch
catchphrase
phrase
Today's Top Quizzes in Entertainment
Browse Entertainment
hide this ad
Today's Top Quizzes in Show
Browse Show
Top Contributed Quizzes in Entertainment
1
Dragon Ball Z: Goku's Fights in Order
2
Celebrity Spelling Bee
3
Fairy Tail 12-1
4
Marvel Characters Bunker
5
X-Men: 10 to 1
6
'Dear Evan Hansen' Start to Finish
7
Click the 'C' Cartoon Characters II
8
Homestuck Ship Identification (Part 1)
9
How well do you know BTS?
10
Obscure Knowledge - 7 Dirty Words
Explore More
Trending Topics
Crossword
NBA
Harry Potter
Kpop
Disney
Marvel
Anime
Puzzle
NFL
Country
Pokémon
Soccer
Song
The Office
WWE
hide this ad
More By:
treemeister2
Quiz
Plays
Rating
Category
Featured
Created
It's Always Sunny Quotes
3,780
3.44
Television
Sep 30, 2009
Star Wars Battlefront 2 Heros/Villains
3,727
3.18
Gaming
Nov 27, 2009
Star Wars Battlefront 2 Classes
944
4.00
Gaming
Nov 27, 2009
PacMan
939
3.75
Gaming
Oct 14, 2009
Paper Mario Party Members
766
4.18
Gaming
Oct 9, 2009
Go to Creator's Profile
Score Distribution
Quiz Creator Spotlight
treemeister2
Follow
Send a Message
Quizzes Created
-
Created Quiz Play Count
-
More By This Creator
Popular Quizzes Today
1
5x2 Blitz: Bands
2
Find the 'City' Movie
3
Colored Red Africa Blitz
4
Find the US States - No Outlines Minefield
5
The Countries of the World
6
Find the US States
7
9x9 Crossword: Cartoon Network
8
US States
More Entertainment Quizzes
Anime by Screenshot at 11:27 in the 2nd Episode
Curator's Pick
Trending Quizzes
Colored Red Africa Blitz II
Colored Red Europe Blitz I
Christmas Pick: Judaism
Colored Red Africa Blitz III
Colored Red Europe Blitz II
Recently Updated
Champions League XIs: Real Madrid
pecheneg
Largest US Cities 1790-2010
pecheneg
Rides in Walt Disney World
pecheneg
Most Oscar Losses (Acting)
pecheneg
Beyoncé Albums
pecheneg
Leaping Animals
pecheneg
Reality TV Shows (A-Z)
bhenderson79
Rickey Henderson's Hall of Fame Teammates
pecheneg
Champions League XIs: Arsenal
pecheneg
Quick Pick: Celebrities in WWE's Hall of Fame
aduchscher
Trending Topics
Kpop
Anime
NBA
Harry Potter
Marvel
Disney
Crossword
NFL
Country
WWE
Puzzle
Song
Pokémon
The Office
Soccer
Your Account Isn't Verified!
In order to create a playlist on Sporcle, you need to verify the email address you used during registration. Go to your
Sporcle Settings
to finish the process.
Report this User
Report this user for behavior that violates our
Community Guidelines
.
Details:
Send Report
Go to the Sporcle.com Mobile Site →
Comments